00485nam a2200145Ia 4500008004100000020001800041041000800059082001800067100001700085245017200102250000600274260003200280300001200312650001500324210716s2011 xx 000 0 und d a9788175545625 aeng a658.4092 ADAJ aAdair, John. aLeadership and motivation: the fifty-fifty rule and the eight key principles of motivating others.bFifty-fifty rule and the eight key principles of motivating others. a1 aNew DelhibKogan Pagec2011 axii,135 aLeadership